000 00726nam a2200265Ia 4500
005 20260121165447.0
008 008 260114s9999 xx 000 0 eng d
020 _a9783319230603
037 _aEBOOK
040 _aCRL
040 _beng
040 _cCRL
041 _2eng
041 _aeng
084 _qCRL
100 _aAndrés Folguera, Maximiliano Naipauer, Lucía Sagripanti, Matías C. Ghiglione, Darío L. Orts, Laura Giambiagi
_91051996
245 0 _aGrowth of the Southern Andes
260 _bSpringer
260 _bSpringer
260 _c2016
856 _uhttps://link.springer.com/openurl?genre=book&isbn=978-3-319-23060-3
942 _cEBOOK
999 _c1617721
_d1617721